<?xml version="1.0" encoding="UTF-8"?><?xml-stylesheet type="text/xsl" href="static/style.xsl"?><OAI-PMH xmlns="http://www.openarchives.org/OAI/2.0/" xmlns:xsi="http://www.w3.org/2001/XMLSchema-instance" xsi:schemaLocation="http://www.openarchives.org/OAI/2.0/ http://www.openarchives.org/OAI/2.0/OAI-PMH.xsd"><responseDate>2026-06-06T04:10:04Z</responseDate><request verb="GetRecord" identifier="oai:riuma.uma.es:10630/17672" metadataPrefix="marc">https://riuma.uma.es/rest/oai/request</request><GetRecord><record><header><identifier>oai:riuma.uma.es:10630/17672</identifier><datestamp>2026-02-03T12:09:17Z</datestamp><setSpec>com_10630_2254</setSpec><setSpec>col_10630_37959</setSpec></header><metadata><record xmlns="http://www.loc.gov/MARC21/slim" xmlns:dcterms="http://purl.org/dc/terms/" xmlns:doc="http://www.lyncode.com/xoai" xmlns:xsi="http://www.w3.org/2001/XMLSchema-instance" xsi:schemaLocation="http://www.loc.gov/MARC21/slim http://www.loc.gov/standards/marcxml/schema/MARC21slim.xsd">
   <leader>00925njm 22002777a 4500</leader>
   <datafield ind2=" " ind1=" " tag="042">
      <subfield code="a">dc</subfield>
   </datafield>
   <datafield ind2=" " ind1=" " tag="720">
      <subfield code="a">Di Zeo-Sánchez, Daniel Enrique</subfield>
      <subfield code="e">author</subfield>
   </datafield>
   <datafield ind2=" " ind1=" " tag="720">
      <subfield code="a">Fumanal, Milena</subfield>
      <subfield code="e">author</subfield>
   </datafield>
   <datafield ind2=" " ind1=" " tag="720">
      <subfield code="a">Cerezo Ortega, Isabel M.</subfield>
      <subfield code="e">author</subfield>
   </datafield>
   <datafield ind2=" " ind1=" " tag="720">
      <subfield code="a">Domínguez-Maqueda, Marta</subfield>
      <subfield code="e">author</subfield>
   </datafield>
   <datafield ind2=" " ind1=" " tag="720">
      <subfield code="a">Núñez Díaz, José Alberto</subfield>
      <subfield code="e">author</subfield>
   </datafield>
   <datafield ind2=" " ind1=" " tag="720">
      <subfield code="a">Anguís, Victoria</subfield>
      <subfield code="e">author</subfield>
   </datafield>
   <datafield ind2=" " ind1=" " tag="720">
      <subfield code="a">Fernández-Díaz, Catalina</subfield>
      <subfield code="e">author</subfield>
   </datafield>
   <datafield ind2=" " ind1=" " tag="720">
      <subfield code="a">Moriñigo-Gutiérrez, Miguel Ángel</subfield>
      <subfield code="e">author</subfield>
   </datafield>
   <datafield ind2=" " ind1=" " tag="720">
      <subfield code="a">Balebona-Accino, María del Carmen</subfield>
      <subfield code="e">author</subfield>
   </datafield>
   <datafield ind2=" " ind1=" " tag="260">
      <subfield code="c">2019-05-17</subfield>
   </datafield>
   <datafield ind2=" " ind1=" " tag="520">
      <subfield code="a">Abstract&#xd;
In the search of the improvement of the feeding of the fish in the aquaculture, macroalgae seem to be a promising source of nutrients and bioactive substances. In the case of the genus Ulva, the effect of its inclusion in feed on the growth, tissues composition and the stress response of some fish species has been evaluated. However, it is necessary to evaluate the effects on the immune system, as its inclusion could modify the resistance to pathogens. In the present work, we have studied the response of the immune system at lysozyme expression level, cellular immune response genes, and inflammatory response genes in mucous of skin and sole gills (Solea senegalensis) fed with a diet supplemented in Ulva ohnoi (5%). Results obtained indicate absence of significant changes in the expression of assayed immune genes.&#xd;
Resumen&#xd;
En la búsqueda de la mejora de la alimentación de los peces en la acuicultura, las algas se presentan como una prometedora fuente de nutrientes y sustancias bioactivas. En el caso del género Ulva, se ha publicado el efecto de su inclusión en piensos sobre el crecimiento, la composición de los tejidos y la respuesta al estrés de algunas especies de interés acuícola. Sin embargo, es necesario evaluar los efectos en el sistema inmune, puesto que su inclusión podría modificar la resistencia a patógenos. En el presente trabajo se ha estudiado la respuesta del sistema inmune a nivel de expresión de lisozimas, genes de respuesta inmune celular, y genes de la respuesta inflamatoria en piel y branquias de lenguados (Solea senegalensis) alimentados con una dieta suplementada en Ulva ohnoi (5%). Los resultados indican que no se produce un cambio significativo en la expresión de estos grupos de genes.</subfield>
   </datafield>
   <datafield ind1="8" ind2=" " tag="024">
      <subfield code="a">https://hdl.handle.net/10630/17672</subfield>
   </datafield>
   <datafield tag="653" ind2=" " ind1=" ">
      <subfield code="a">Inmunidad</subfield>
   </datafield>
   <datafield ind2="0" ind1="0" tag="245">
      <subfield code="a">Respuesta inmune en mucosas de piel y branquias de Solea senegalensis tras la alimentación con una dieta conteniendo Ulva ohnoi (5%)</subfield>
   </datafield>
</record>
</metadata></record></GetRecord></OAI-PMH>